Регионална библиотека "Любен Каравелов" - Русе

Cardillac [CD аудио] (Запис номер 222527)

MARC детайли
000 -Лидер
Контролно поле с фиксирана дължина 01828njm a2200421 c 4500
003 - Код на организацията, давaща контролен номер
Контролно поле BLK
005 - Дата и час на последна редакция
Контролно поле 20241007102406.0
008 - Елементи от данни с фиксирана дължина
fixed length control field 180410b bul||n||s|||||||| n|bulo|
010 ## - Наследен системен номер
LC control number CDD00004551000
040 ## - Източник на каталожния запис
Идентификатор на билиотеката - собственик на записа BLK
041 ## - Код за език
Код за езика на текст/звукозапис или на отделно заглавие Немски
Код за езика КДБФ Немски
072 #7 - Код за тематичната категория
Код организация bullib
Код за тематична категория Н9901
Текст Немска читалня - музика Н
080 ## - УДК
Текстов определител УДК Опера. Музикална драма. Романтична опера. Опера-приказка
УДК код - определител по УДК 782.1
УДК определител
УДК - код + определител 782.1
100 1# - Редна дума - Автор
Автор Hindemith, Paul
Авторска отговорност първи автор
R(LIN) 13020
139 ## - Редно поле
Редна дума Hindemith, Paul
Авторски знак Hin - H 67
245 10 - Сведения за заглавието
Заглавие Cardillac [CD аудио]
Подзаглавни данни Oper in drei Akten : Fassung von 1926 : CD 1-2
Редно поле (дума) Paul Hindemith; * Паул Хиндемит; изп. Radio-Symphonie-Orchester Berlin; диригент Gerd Albrecht; баритон Siegmund Nimsgern; сопран Verena Schweizer; тенор Robert Schunk; изп. Rias Kammerchor.
Том CD 1
Заглавие на том I. Akt - II. Akt, 1. Teil
Версия оп.39
257 ## - Страна на издаване
Страна на създаване/издаване Германия
260 ## - Област на издателските данни
-- Mainz
Име на издателя, разпространителя и проч. Schott Wergo
Година на издаване 1988
300 ## - Физическа характеристика
Страници 12 см. Stereo
Тип мерна единица бр. в к-т
Количество на мерната единица 1 CD
380 ## - Жанр
Жанр Изкуство
650 #4 - Допълнително описание по предмет – тема
Основно описание – тема или топоним Опера
9 (RLIN) 165008
653 ## - Ключова дума – ненормативна
Ключова дума Опера
659 ## - Тематичен бюлетин
Тематичен бюлетин Н
700 ## - Други автори (авторска отговорност)
Лично име Хиндемит, Паул
Дати, свързани с автора 1895 - 1963
9 (RLIN) 284537
700 1# - Други автори (авторска отговорност)
Лично име Radio-Symphonie-Orchester Berlin
Автороска отговорност (Описва отношението между автора и произведението) изп.
9 (RLIN) 353490
700 1# - Други автори (авторска отговорност)
Лично име Albrecht, Gerd
Автороска отговорност (Описва отношението между автора и произведението) диригент
9 (RLIN) 354086
700 1# - Други автори (авторска отговорност)
Лично име Nimsgern, Siegmund
Автороска отговорност (Описва отношението между автора и произведението) баритон
9 (RLIN) 19915
700 1# - Други автори (авторска отговорност)
Лично име Schweizer, Verena
Автороска отговорност (Описва отношението между автора и произведението) сопран
9 (RLIN) 354751
700 1# - Други автори (авторска отговорност)
Лично име Schunk, Robert
Автороска отговорност (Описва отношението между автора и произведението) тенор
9 (RLIN) 23948
700 1# - Други автори (авторска отговорност)
Лично име Rias Kammerchor
Автороска отговорност (Описва отношението между автора и произведението) изп.
9 (RLIN) 353636
760 1# - Описание на основната серия
Редна дума на основното описание Hindemith, Paul
Страници - том 46мин. 23сек.
Заглавие CD 1 I. Akt - II. Akt, 1. Teil
852 ## - Местоположение
Форматна сигнатура Цб CD 2694
Част 0
856 4# - Електронен адрес и достъп
Електронен формат pdf - файл
Път до файла /url/
856 4# - Електронен адрес и достъп
Електронен формат pdf - файл
Път до файла /url/
942 ## - АРТИКУЛИ
Вид на библиотечния материал Компактдискове
Скрит в OPAC Не
944 ## - СЪЗДАВАНЕ И РЕДАКЦИЯ на ЗАПИСА
Създаване/Редакция Създаване
Дата на регистрацията/редакция 25.01.2011
Служител, извършил регистрацията/редакцията 30560
Статус, дата на статуса Геновева Генчева
944 ## - СЪЗДАВАНЕ И РЕДАКЦИЯ на ЗАПИСА
Създаване/Редакция Редакция
Дата на регистрацията/редакция 25.01.2011
Служител, извършил регистрацията/редакцията
999 ## - СИСТЕМНИ КОНТРОЛНИ НОМЕРА
Koha biblionumber 222527
Koha biblioitemnumber 222527
Наличности
Код за отписване Код за изгубен артикул Източник на класификационната схема Код за повреда Коз за рестрикции Код за отдаване Артикулен № Име на библиотеката - собственик Име на библиотеката, в която се намира в момента Статус (Текущо местоположение) Дата на вписване в системата Местоположение - отдел Цена в лева Инвентарен номер Систематично азбучна сигнатура Баркод Номер на екземпляра Цена в евро Служебна бележка Служебен тип на артикула
  Не е изгубен Universal Decimal Classification Не е повреден без рестрикции заемане за дома 394514 Регионална библиотека "Любен Каравелов" Русе Регионална библиотека "Любен Каравелов" Русе Отдел Изкуство - подръчен фонд 2000-01-01 Отдел Изкуство - подръчен фонд 3.00 120000906932 782/H 67 120000906932 1 1.53 Дост: DA Вид: А N: стар фонд Дата: 01.01.2000 Съставил: Теодора_Стоянова Компактдискове
Vip Innovations Ltd, Rousse, Bulgaria 2025